[Event "TURNIEJ "]
[Site "LAZY"]
[Date "2010.07.03"]
[Round "9.9"]
[White "Kozakow, Mikolaj"]
[Black "Stawicki, Michal"]
[Result "1-0"]
[WhiteElo "1533"]
[BlackElo "1720"]
[PlyCount "105"]
[EventDate "2010.??.??"]

1. e4 e6 2. d4 d5 3. exd5 exd5 4. Nf3 Bd6 5. Bd3 Ne7 6. c4 dxc4 7. Bxc4 Bf5 8.
O-O O-O 9. Nc3 Nd7 10. Re1 Nf6 11. Bg5 Ng6 12. Nd5 c6 13. Nxf6+ gxf6 14. Bh6
Re8 15. Qb3 Qc7 16. h3 Bf4 17. Bxf4 Nxf4 18. Nh4 Be6 19. Qg3+ Kh8 20. Bxe6 fxe6
21. Re4 Nd5 22. Qxc7 Nxc7 23. Rae1 f5 24. Re5 Rad8 25. Rd1 Rd6 26. f4 Kg7 27.
a4 Red8 28. Nf3 h6 29. Re2 Kf6 30. Kf2 Nd5 31. g3 Nb6 32. b3 Nd5 33. Rc1 Kg7
34. Rc4 Nf6 35. Ke3 Nd5+ 36. Kf2 Kf6 37. Rcc2 Nb4 38. Rc4 a5 39. Rd2 Rd5 40.
Ke3 R5d6 41. Kf2 b6 42. Ke2 Ke7 43. Ne5 Rc8 44. g4 fxg4 45. hxg4 Rg8 46. Kf3
Rg7 47. Rh2 b5 48. axb5 cxb5 49. Rc7+ Kf8 50. Rc8+ Ke7 51. Rxh6 Nd5 52. Rhh8
Nf6 53. g5 1-0

[Event "TURNIEJ "]
[Site "LAZY"]
[Date "2010.07.03"]
[Round "9.10"]
[White "Szewczyk, Mariusz"]
[Black "Nizynski, Andrzej"]
[Result "1-0"]
[WhiteElo "1737"]
[BlackElo "1479"]
[PlyCount "47"]
[EventDate "2010.??.??"]

1. e4 e5 2. f4 d6 3. Nf3 Nc6 4. Bc4 h6 5. fxe5 dxe5 6. O-O Nf6 7. d3 Bc5+ 8.
Kh1 Bg4 9. c3 Qd6 10. Qb3 O-O-O 11. Qa4 Rhf8 12. b4 Bb6 13. b5 Bxf3 14. Ba3
Bxg2+ 15. Kxg2 Bc5 16. bxc6 bxc6 17. Bxc5 Qxc5 18. Nd2 Kd7 19. Nf3 Ng4 20. Rfe1
Rde8 21. d4 exd4 22. cxd4 Qb6 23. Rab1 Ne3+ 24. Kg1 1-0